Power graphics using turbo C

Αποθηκεύτηκε σε:
Λεπτομέρειες βιβλιογραφικής εγγραφής
Κύριος συγγραφέας: Weiskamp, Keith
Άλλοι συγγραφείς: Heiny, Loren, Shammas, Namir Clement, 1954-
Μορφή: Βιβλίο
Γλώσσα:English
Δημοσίευση: New York : John Wiley, 1989.
Θέματα:
Ετικέτες: Προσθήκη ετικέτας
Δεν υπάρχουν, Καταχωρήστε ετικέτα πρώτοι!

MARC

LEADER 00000cam a2200000 i 4500
001 1/51733
008 960208s1989 nyu| ||| |||| ||eng||
020 |a 0471619094 
035 |l 10027223 
040 |a GR-MyUa  |b gre  |e AACR2 
041 0 |a eng 
082 7 |a 006.6   |2 (22) 
100 1 |a Weiskamp, Keith. 
245 1 0 |a Power graphics using turbo C /   |c Keith Weiskamp, Loren Heiny, N.C.Shammas. 
260 |a New York :   |b John Wiley,   |c 1989. 
300 |a xiii, 367 σ. :   |b εικ. ;   |c 24 εκ. 
630 0 0 |a Turbo C++. 
650 0 |a Computer graphics. 
700 1 |a Heiny, Loren. 
700 1 |a Shammas, Namir Clement,   |d 1954- 
852 |a INST  |b CHIOS  |e 19960208  |h 006.6 WEI  |p 005200002519  |q 005200002519  |t BK  |y 0 
852 |a INST  |b SAMOS  |e 20001103  |h 006.6 WEI  |p 005300018588  |q 005300018588  |t BK  |y 0 
901 |a BIBL3-2000-3 
922 |a 3ΕΛΗ  |b 200002  |c ΤΠΕΣ/ΤΑΚΤ  |d ΠΑΠΑΣΩΤΗΡΙΟΥ 
970 |a ΜΑΛΑΓΑΡΗ  |b ΦΩΤΕΙΝΗ  |z 2000/11/3